| 000 | 00412nam a22001457a 4500 | ||
|---|---|---|---|
| 003 | SGT | ||
| 082 |
_a150 _bC24M |
||
| 100 | _aMISHRA, RUPA | ||
| 245 | _aA COMPARATIVE STUDY OF STRESS, LIFE SATISFACTION AND COPING STYLE AMONG WORKING AND NON-WORKING MARRIED WOMEN AND WIDOWS | ||
| 260 |
_aGURUGRAM _bSGT UNIVERSITY _c2024 |
||
| 300 | _a138 | ||
| 650 | _aCLINICAL PSYCHOLOGY | ||
| 653 | _aPHD | ||
| 942 |
_2ddc _cTH |
||
| 999 |
_c32408 _d32408 |
||